000 00352nam a22001217a 4500
008 150220b xxu||||| |||| 00| 0 eng d
050 _aLB1051
_bH54 2007
245 _aHigher education :
_bcatalogue 2007/8 /
260 _aUpper Saddle River, N.J. :
_bPearson Education Pub ;
_c2007.
300 _aCD-ROM
650 _vEducation, Higher
942 _2lcc
_cCD
999 _c44313
_d44313